<?xml version="1.0" encoding="UTF-8"?>
<record
    xmlns:xsi="http://www.w3.org/2001/XMLSchema-instance"
    xsi:schemaLocation="http://www.loc.gov/MARC21/slim http://www.loc.gov/standards/marcxml/schema/MARC21slim.xsd"
    xmlns="http://www.loc.gov/MARC21/slim">

  <leader>00887nam a2200229Ia 4500</leader>
  <controlfield tag="001">12098</controlfield>
  <controlfield tag="003">GE_BSU</controlfield>
  <controlfield tag="008">181216s||||||||xx |||||||||||||| ||und||</controlfield>
  <datafield tag="020" ind1=" " ind2=" ">
    <subfield code="a">9785951802736</subfield>
  </datafield>
  <datafield tag="040" ind1=" " ind2=" ">
    <subfield code="c">GE_BSU</subfield>
  </datafield>
  <datafield tag="080" ind1=" " ind2=" ">
    <subfield code="a">615.83+615.834</subfield>
  </datafield>
  <datafield tag="245" ind1=" " ind2=" ">
    <subfield code="a">&#x444;&#x438;&#x437;&#x438;&#x43E;&#x442;&#x435;&#x440;&#x430;&#x43F;&#x438;&#x44F; &#x438; &#x43A;&#x443;&#x440;&#x43E;&#x440;&#x442;&#x43E;&#x43B;&#x43E;&#x433;&#x438;&#x44F;. &#x41A;&#x43D;.1</subfield>
  </datafield>
  <datafield tag="245" ind1=" " ind2=" ">
    <subfield code="b">&#x41C;&#x435;&#x434;&#x438;&#x446;&#x438;&#x43D;&#x441;&#x43A;&#x430;&#x44F; &#x43A;&#x43B;&#x438;&#x43C;&#x430;&#x442;&#x43E;&#x43B;&#x43E;&#x433;&#x438;&#x44F; &#x438; &#x43A;&#x43B;&#x438;&#x43C;&#x430;&#x442;&#x43E;&#x442;&#x435;&#x440;&#x430;&#x43F;&#x438;&#x44F;. &#x41C;&#x435;&#x434;&#x438;&#x446;&#x438;&#x43D;&#x441;&#x43A;&#x430;&#x44F; &#x433;&#x438;&#x434;&#x440;&#x43E;&#x43B;&#x43E;&#x433;&#x438;&#x44F; &#x438; &#x442;&#x435;&#x43F;&#x43B;&#x43E;&#x433;&#x440;&#x44F;&#x437;&#x435;&#x43B;&#x435;&#x447;&#x435;&#x43D;&#x438;&#x435;.&#x41F;&#x440;&#x435;&#x444;&#x43E;&#x440;&#x43C;&#x438;&#x440;&#x43E;&#x432;&#x430;&#x43D;&#x43D;&#x44B;&#x435; &#x444;&#x438;&#x437;&#x438;&#x447;&#x435;&#x441;&#x43A;&#x438;&#x435; &#x444;&#x430;&#x43A;&#x442;&#x43E;&#x440;&#x44B;</subfield>
  </datafield>
  <datafield tag="245" ind1=" " ind2=" ">
    <subfield code="c">&#x41F;&#x43E;&#x434;.&#x440;&#x435;&#x434;. &#x412;.&#x41C;. &#x411;&#x43E;&#x433;&#x43E;&#x43B;&#x44E;&#x431;&#x43E;&#x432;&#x430; &#x420;&#x435;&#x434;. &#x41A;.&#x412;. &#x41F;&#x440;&#x438;&#x43A;&#x430;&#x437;&#x43E;&#x432;&#x430;</subfield>
  </datafield>
  <datafield tag="260" ind1=" " ind2=" ">
    <subfield code="a">&#x41C;&#x43E;&#x441;&#x43A;&#x432;&#x430;</subfield>
  </datafield>
  <datafield tag="260" ind1=" " ind2=" ">
    <subfield code="b">&#x418;&#x437;&#x434;-&#x432;&#x43E; &#x411;&#x438;&#x43D;&#x43E;&#x43C;</subfield>
  </datafield>
  <datafield tag="260" ind1=" " ind2=" ">
    <subfield code="c">2012</subfield>
  </datafield>
  <datafield tag="300" ind1=" " ind2=" ">
    <subfield code="a">408&#x441;&#x442;&#x440;.&#x438;&#x43B;&#x43B;.24&#x441;&#x43C;.</subfield>
  </datafield>
  <datafield tag="541" ind1=" " ind2=" ">
    <subfield code="h">35&#x41B;.</subfield>
  </datafield>
  <datafield tag="653" ind1=" " ind2=" ">
    <subfield code="a">&#x444;&#x438;&#x437;&#x438;&#x43E;&#x442;&#x435;&#x440;&#x430;&#x43F;&#x438;&#x44F; &#x438; &#x43A;&#x443;&#x440;&#x43E;&#x440;&#x442;&#x43E;&#x43B;&#x43E;&#x433;&#x438;&#x44F;</subfield>
  </datafield>
  <datafield tag="942" ind1=" " ind2=" ">
    <subfield code="c">BK</subfield>
  </datafield>
  <datafield tag="999" ind1=" " ind2=" ">
    <subfield code="c">45274</subfield>
    <subfield code="d">45274</subfield>
  </datafield>
  <datafield tag="952" ind1=" " ind2=" ">
    <subfield code="0">0</subfield>
    <subfield code="1">0</subfield>
    <subfield code="4">0</subfield>
    <subfield code="7">0</subfield>
    <subfield code="9">59168</subfield>
    <subfield code="d">2018-12-17</subfield>
    <subfield code="p">35967</subfield>
    <subfield code="r">2018-12-17</subfield>
    <subfield code="w">2018-12-17</subfield>
    <subfield code="y">BK</subfield>
  </datafield>
  <datafield tag="952" ind1=" " ind2=" ">
    <subfield code="0">0</subfield>
    <subfield code="1">0</subfield>
    <subfield code="4">0</subfield>
    <subfield code="7">0</subfield>
    <subfield code="9">59169</subfield>
    <subfield code="d">2018-12-17</subfield>
    <subfield code="p">35968</subfield>
    <subfield code="r">2018-12-17</subfield>
    <subfield code="w">2018-12-17</subfield>
    <subfield code="y">BK</subfield>
  </datafield>
  <datafield tag="952" ind1=" " ind2=" ">
    <subfield code="0">0</subfield>
    <subfield code="1">0</subfield>
    <subfield code="4">0</subfield>
    <subfield code="7">0</subfield>
    <subfield code="9">59170</subfield>
    <subfield code="d">2018-12-17</subfield>
    <subfield code="p">35969</subfield>
    <subfield code="r">2018-12-17</subfield>
    <subfield code="w">2018-12-17</subfield>
    <subfield code="y">BK</subfield>
  </datafield>
  <datafield tag="952" ind1=" " ind2=" ">
    <subfield code="0">0</subfield>
    <subfield code="1">0</subfield>
    <subfield code="4">0</subfield>
    <subfield code="7">0</subfield>
    <subfield code="9">59171</subfield>
    <subfield code="d">2018-12-17</subfield>
    <subfield code="p">35970</subfield>
    <subfield code="r">2018-12-17</subfield>
    <subfield code="w">2018-12-17</subfield>
    <subfield code="y">BK</subfield>
  </datafield>
  <datafield tag="952" ind1=" " ind2=" ">
    <subfield code="0">0</subfield>
    <subfield code="1">0</subfield>
    <subfield code="4">0</subfield>
    <subfield code="7">0</subfield>
    <subfield code="9">59172</subfield>
    <subfield code="d">2018-12-17</subfield>
    <subfield code="p">35971</subfield>
    <subfield code="r">2018-12-17</subfield>
    <subfield code="w">2018-12-17</subfield>
    <subfield code="y">BK</subfield>
  </datafield>
  <datafield tag="952" ind1=" " ind2=" ">
    <subfield code="0">0</subfield>
    <subfield code="1">0</subfield>
    <subfield code="4">0</subfield>
    <subfield code="7">0</subfield>
    <subfield code="9">59173</subfield>
    <subfield code="d">2018-12-17</subfield>
    <subfield code="p">35972</subfield>
    <subfield code="r">2018-12-17</subfield>
    <subfield code="w">2018-12-17</subfield>
    <subfield code="y">BK</subfield>
  </datafield>
</record>
